000 00709nam a22002177a 4500
999 _c10133
_d10133
001 10133
003 OSt
005 20180521100830.0
008 180418b1999 bg ||||| |||| 00| 0 ben d
035 _a(BD-JhCC)10133
040 _aBD-JhCC
_dBD-JhCC
041 _aben
082 _a503
_bISL 1999
100 _aইসলাম, এ. কে. এম. নুরুল
245 _aবাংলা একাডেমী বিজ্ঞান বিশ্বকোষ /
_cএ. কে. এম. নুরুল ইসলাম
260 _aঢাকা :
_bবাংলা একাডেমী
_c1999.
300 _a611 p. :
_c24 cm.
650 _aScience
_xEncyclopedia
942 _2ddc
_cREF